书目信息 |
| 题名: |
诗词散论
|
|
| 作者: | 缪钺, 著 | |
| 分册: | ||
| 出版信息: | 西安 陕西师范大学出版社 2008 |
|
| 页数: | 228页 | |
| 开本: | 24cm | |
| 丛书名: | ||
| 单 册: | ||
| 中图分类: | I207.2 | |
| 科图分类: | ||
| 主题词: | 诗词--shi ci--文学研究--中国--古代 | |
| 电子资源: | ||
| ISBN: | 978-7-5613-4175-9 | |
| 000 | 00764nam0 2200229 450 | |
| 001 | CAL 012008082931 | |
| 005 | 20111228113326.37 | |
| 010 | @a978-7-5613-4175-9@dCNY29.80 | |
| 010 | @a7-5613-4175-X | |
| 100 | @a20080518d2008 em y0chiy50 ea | |
| 101 | 0 | @achi |
| 102 | @aCN@b610000 | |
| 105 | @aach z 000yy | |
| 200 | 1 | @a诗词散论@Ashi ci san lun@f缪钺著 |
| 210 | @a西安@c陕西师范大学出版社@d2008 | |
| 215 | @a228页@c图, 肖像, 摹真@d24cm | |
| 330 | @a本书是繆钺先生古典文学研究方面的重要专著,收录了繆钺先生大量关于诗词研究的论述和对于古典诗词的解析与鉴赏。 | |
| 606 | 0 | @a诗词@Ashi ci@x文学研究@y中国@z古代 |
| 690 | @aI207.2@v4 | |
| 701 | 0 | @a缪钺,@Amiu yue@f1904-1995@4著 |
| 801 | 0 | @aCN@bZZRC@c20111228 |
| 905 | @a郑州市财税学校图书馆@dI207.2@eM760@f2 | |
| 诗词散论/缪钺著.-西安:陕西师范大学出版社,2008 |
| 228页:图, 肖像, 摹真;24cm |
| ISBN 978-7-5613-4175-9:CNY29.80 |
| 本书是繆钺先生古典文学研究方面的重要专著,收录了繆钺先生大量关于诗词研究的论述和对于古典诗词的解析与鉴赏。 |
| ● |
| 相关链接 |
|
|
|
正题名:诗词散论
索取号:I207.2/M760
 
预约/预借
| 序号 | 登录号 | 条形码 | 馆藏地/架位号 | 状态 | 备注 |
| 1 | 1181836 | 211818363 | 文学库108/108文学库 7排1列4层/ [索取号:I207.2/M760] | 在馆 | |
| 2 | 1181837 | 211818372 | 文学库108/108文学库 7排1列4层/ [索取号:I207.2/M760] | 在馆 |